Los bohemios / (Record no. 179128)

MARC details
000 -LEADER
campo de control de longitud fija 00885nam a2200241 i 4500
001 - NÚMERO DE CONTROL
campo de control 179128
003 - IDENTIFICADOR DE NÚMERO DE CONTROL
campo de control ES-MaACL
005 - FECHA Y HORA DE LA ÚLTIMA TRANSACCIÓN
campo de control 20230918135332.0
008 - DATOS DE LONGITUD FIJA--INFORMACIÓN GENERAL
campo de control de longitud fija 110915s2010 sp |||| |dspa d
020 ## - NÚMERO INTERNACIONAL ESTÁNDAR DEL LIBRO
Número Internacional Estándar del Libro 978-84-936679-9-3
080 ## - NÚMERO DE LA CLASIFICACIÓN DECIMAL UNIVERSAL
Número de la Clasificación Decimal Universal 821.133.1-31"17"
100 1# - ENTRADA PRINCIPAL--NOMBRE DE PERSONA
Nombre de persona Pelleport, Anne-Gédéon Laffitte de.
9 (RLIN) 147939
245 14 - MENCIÓN DEL TÍTULO
Título Los bohemios /
Mención de responsabilidad, etc. Anne Gédéon Lafitte, Marqués de Pelleport ; traducción de Gabriel Hormaechea ; introducción de Robert Darnton ; notas de Robert Darnton y Vivian Folkenflik.
250 ## - MENCION DE EDICION
Mención de edición 1ª ed. en Papel de Liar.
260 ## - PUBLICACIÓN, DISTRIBUCIÓN, ETC.
Lugar de publicación, distribución, etc. Barcelona :
Nombre del editor, distribuidor, etc. Papel de Liar,
Fecha de publicación, distribución, etc. 2010.
300 ## - DESCRIPCIÓN FÍSICA
Extensión 289 p. ;
Dimensiones 22 cm.
700 1# - ENTRADA AGREGADA--NOMBRE PERSONAL
Nombre de persona Darnton, Robert.
9 (RLIN) 42744
700 1# - ENTRADA AGREGADA--NOMBRE PERSONAL
Nombre de persona Folkenflik, Vivian.
9 (RLIN) 147940
700 1# - ENTRADA AGREGADA--NOMBRE PERSONAL
Nombre de persona Hormaechea, Gabriel.
9 (RLIN) 147941
852 ## - LOCALIZACIÓN
Ubicación ES-MaACL
itemnumber 186000
Sublocalización o colección R.146000
Signatura antigua Olim: N-4520
Número de control de estantería A-11516
Ubicación en estantería Depósito 1
942 ## - ELEMENTOS DE ENTRADA SECUNDARIOS (KOHA)
Fuente del sistema de clasificación o colocación Clasificación decimal universal
Holdings
Estatus retirado Estado de pérdida Fuente del sistema de clasificación o colocación Estado de daño No para préstamo Biblioteca de origen Biblioteca actual Ubicación en estantería Fecha de adquisición Fuente de adquisición Total de préstamos Signatura topográfica completa Código de barras Visto por última vez Precio de reemplazo Tipo de ítem Koha
    Clasificación decimal universal     Biblioteca del Ateneo de Madrid Biblioteca del Ateneo de Madrid Depósito 1 15/09/2011 Compra   A-11516 1188166 23/02/2023 23/02/2023 Libro impreso